01250nam a2200313 i 4500001000300000003000400003005001700007008003900024015001700063040001400080080001000094080001300104080001200117100004400129245008500173250001400258260004600272300003500318490005900353504002100412521006600433655003000499650001200529700002700541710010200568856011000670830005800780856009800838bgBPK20191004124559.0980702s1994 pl a f f |000 0 pol aPB 1996/4191 aWA NcBPK a53.08 a621.7.08 a(075.8)1 aŁukianowicz, Czesławd(1948- )eAutor10aĆwiczenia z podstaw metrologii /cCzesław Łukianowicz, Tatiana Łukianowicz. a[Wyd. 2]. aKoszalin :bWydaw. Uczelniane WSI,c1994. a89 s. :brys., wykr. ;c24 cm.1 aSkrypty / Wyższa Szkoła Inżynierska w Koszalinie. aBibliogr. s. 87. aSkrypt Wydz. Mechanicznego do przedmiotu Podstawy metrologii. 4aPodręczniki akademickie 4aPomiary1 aŁukianowicz, Tatiana.2 aWydawnictwo Uczelniane (Wyższa Szkoła Inżynierska ; Koszalin)bWydawnictwo Uczelniane.4pbl. uhttp://dlibra.tu.koszalin.pl/dlibra/docmetadata?id=68&from=&dirids=1&ver_id=&lp=1&QI=yBiblioteka Cyfrowa 0aSkrypty - Wyższa Szkoła Inżynierska w Koszalinie uhttp://koha.tu.koszalin.pl/cgi-bin/koha/opac-detail.pl?biblionumber=24347yKatalog online BPK